<A> Tribute to Arvi Leponiemi on His 60th Birthaday

Enregistré dans:
Détails bibliographiques
Format: Livre
Langue:finnois
Publié: Helsinki School of Economics 1986
Édition:1. ed.
Tags: Ajouter un tag
Pas de tags, Soyez le premier à ajouter un tag!

MARC

LEADER 00000nam a2200000 4500
001 c028220
005 20240801084557.9
041 0 |a fin 
044 |a FI 
245 1 0 |a <A> Tribute to Arvi Leponiemi on His 60th Birthaday  |c Edit. Juha Kähkönen, Jouko Ylä-Liedenponja 
250 |a 1. ed. 
264 1 |a Helsinki  |b School of Economics  |c 1986 
300 |a 148 s.